| 000 | 00992nam a2200217Ia 4500 | ||
|---|---|---|---|
| 999 |
_c34921 _d34921 |
||
| 001 | 748 | ||
| 003 | GE_BSU | ||
| 005 | 20210225151356.0 | ||
| 008 | 181216s1996||||ge |||||||||||||| ||geo|| | ||
| 020 | _a5511006661 | ||
| 040 | _cGE_BSU | ||
| 041 | _ageo | ||
| 080 | _a911.3(075.8) ჯ–23 | ||
| 100 |
_aჯაოშვილი, ვახტანგ _910243 |
||
| 245 |
_aსაქართველოს სოციალურ-ეკონომიკური გეოგრაფია / _cვახტანგ ჯაოშვილი; რედ.: რ. გაჩეჩილაძე. |
||
| 264 |
_aთბილისი : _bთბილისის უნ–ტის გამ-ბა, _c1996. |
||
| 300 |
_a292 გვ. ; _b21სმ. |
||
| 653 | _aსაქართველოს სოციალურ-ეკონომიკური გეოგრაფია | ||
| 700 |
_aგაჩეჩილაძე, რ. _eრედაქტორი _910244 |
||
| 942 |
_cBK _2udc |
||